Search the Library Catalogue
| 000 -LEADER | |
|---|---|
| fixed length control field | 00420nam a2200157 a 4500 |
| 008 - FIXED-LENGTH DATA ELEMENTS--GENERAL INFORMATION | |
| fixed length control field | 260311s2026##################000#0#eng## |
| 020 ## - INTERNATIONAL STANDARD BOOK NUMBER | |
| ISBN | 9780415946360 |
| 041 ## - LANGUAGE CODE | |
| Language code of text/sound track or separate title | Eng |
| 082 04 - DEWEY DECIMAL CLASSIFICATION NUMBER | |
| Classification number | 362.292 MAR |
| 100 ## - MAIN ENTRY--AUTHOR NAME | |
| Personal name | Marjana Martinic |
| 245 10 - TITLE STATEMENT | |
| Title | Reasonable Risk |
| Sub Title | Alcohol in Prespective |
| 260 ## - PUBLICATION, DISTRIBUTION, ETC. (IMPRINT) | |
| Place of publication | Great Britian |
| Name of publisher | Brunner-Routledge |
| Year of publication | 2004 |
| 300 ## - PHYSICAL DESCRIPTION | |
| Number of Pages | xii, 184p, |
| Dimensions | 23.3cm |
| 942 ## - ADDED ENTRY ELEMENTS (KOHA) | |
| Koha item type | English Books |
| Withdrawn status | Lost status | Damaged status | Not for loan | Home library | Current library | Shelving location | Date acquired | Full call number | Accession Number | Price effective from | Koha item type |
|---|---|---|---|---|---|---|---|---|---|---|---|
| Anna Centenary Library | Anna Centenary Library | 4TH FLOOR, A WING | 11.03.2026 | 362.292 MAR | 149069 | 11.03.2026 | English Books |